Manual para la organización y presentación del trabajo de titulación y examen de grado
Saved in:
| Institution som forfatter: | |
|---|---|
| Format: | Bog |
| Sprog: | spansk |
| Udgivet: |
Valparaíso
Universidad Católica de Valparaíso
2002
|
| Fag: | |
| Tags: |
Tilføj Tag
Ingen Tags, Vær først til at tagge denne postø!
|
MARC
| LEADER | 00000nam a2200000 a 4500 | ||
|---|---|---|---|
| 001 | UCM9429 | ||
| 003 | CL-VaPUC | ||
| 008 | 030425e20020000CL |||||||||||||||||spa|d | ||
| 082 | 0 | 4 | |a 001.4 |b UNI |2 21 |
| 110 | 2 | |a Universidad Católica de Valparaíso |e author |9 475953 | |
| 245 | 1 | 0 | |a Manual para la organización y presentación del trabajo de titulación y examen de grado |
| 300 | |a 30 h | ||
| 942 | |c BK | ||
| 945 | |d 20030425 00:00:00 |a cmena | ||
| 260 | |a Valparaíso |b Universidad Católica de Valparaíso |c 2002 | ||
| 650 | 7 | |a REDACCION DE INFORMES |2 CL-VaPUC |9 475954 | |
| 650 | 7 | |a TRABAJO ESCRITO |2 CL-VaPUC |9 339840 | |
| 650 | 7 | |a TESIS |2 CL-VaPUC |9 257341 | |
| 583 | |a last modification |c 20030425 00:00:00 |k Rodrigo Vera | ||
| 999 | |c 303698 |d 303696 | ||
| 952 | |0 0 |1 0 |4 0 |6 001_400000000000000_UNI_2002 |7 0 |8 R |9 365190 |a BIBEDU |b BIBEDU |c MCIRC |d 2019-11-21 |i 3898393 |o 001.4 UNI 2002 |p 3898393 |r 2023-01-13 |w 2019-11-21 |y BK_R |k EPE | ||
| 952 | |0 0 |1 0 |4 0 |6 001_400000000000000_UNI_2002 |7 0 |8 R |9 365191 |a BIBEDU |b BIBEDU |c MCIRC |d 2019-11-21 |i 3898407 |o 001.4 UNI 2002 |p 3898407 |r 2023-01-13 |w 2019-11-21 |y BK_R |k EPE | ||